LEADER 01120nam0 2200313 450 001 000020568 005 20071030113331.0 010 $a88-459-1730-4 100 $a20071004d2002----km-y0itaa50------ba 101 0 $aita 102 $aIT 200 1 $aApollo con il coltello in mano$eun approccio sperimentale al politeismo greco$fMarcel Detienne$gtraduzione di Francesco Tissoni 210 $aMilano$cAdelphi$dc2002 215 $a326 p.$cill.$d24 cm 225 2 $a<> ramo d'oro$v40 410 1$12001$a<> ramo d'oro$v40 606 1 $aMitologia 676 $a292.13$v(21. ed.)$9Religione classica. Mitologia 700 1$aDetienne,$bMarcel$0143528 702 1$aTissoni,$bFrancesco 801 0$aIT$bUniversità della Basilicata - B.I.A.$gRICA$2unimarc 912 $a000020568 996 $aApollo con il coltello in mano$985880 997 $aUNIBAS BAS $aLETTERE CAT $aSTD056$b01$c20071004$lBAS01$h1113 CAT $aMDL$b30$c20071030$lBAS01$h1133 FMT Z30 -1$lBAS01$LBAS01$mBOOK$1BASA4$APolo di Matera$2DID$BDidattica$3MSR-410-20$6106015$5L106015$820071004$f04$FPrestabile Didattica